Statystyki dla Ptaki Polski

Kliknij tutaj aby rozwiązać quiz!

Ogólne statystyki

  • Ten quiz został rozwiązany 362 razy
    (359 od ostatniego zresetowania)
  • Średni wynik to 45 z 203

Statystyki odpowiedzi

Odpowiedź% Poprawnych
Kruk (kawka, gawron, wrona, czarnowron)
93%
Bocian
89%
Wróbel (mazurek)
88%
Orzeł
78%
Gołąb (siniak, grzywacz)
78%
Gil
71%
Dzięcioł
70%
Czapla
67%
Sroka
67%
Sowa
65%
Mewa
65%
Jastrząb (krogulec)
65%
Jaskółka
63%
Sikora (czarnogłówka)
62%
Gęś (gęgawa)
60%
Sokół (pustułeczka, pustułka, kobczyk, drzemlik, kobuz, raróg, białozór)
59%
Łabędź
59%
Drozd (kos, kwiczoł, droździk, paszkot)
55%
Żuraw
54%
Sójka
53%
Bażant
52%
ZImorodek
49%
Kukułka
49%
Myszołów (kurhannik)
48%
Dudek
46%
Skowronek
43%
Bielik
43%
Zięba (jer)
43%
Kuropatwa
42%
Szpak
41%
Słowik (podróżniczek)
40%
Puchacz
40%
Kormoran
39%
Rybitwa
38%
Wilga
36%
Krzyżówka
34%
Sęp
32%
Perkoz
31%
Cietrzew
31%
Pliszka
31%
Pelikan
31%
Głuszec
31%
Jemiołuszka
31%
Flaming
30%
Czyż
30%
Przepiórka
30%
Puszczyk
29%
Czajka
29%
Jerzyk
26%
Rybołów
25%
Mysikrółik (zniczek)
25%
Rudzik
25%
Kowalik
25%
Nur
24%
Bogatka
24%
Turkawka (sierpówka)
24%
Łyska
23%
Trznadel (cierlik, głuszek, ortolan, potrzeszcz)
23%
Płomykówka
23%
Bąk
22%
Cyranka
22%
Osetnik (szczygieł)
22%
Kania
22%
Lelek
22%
Mandarynka
21%
Modraszka
21%
Drop
21%
Pleszka (kopciuszek)
21%
Orlik
20%
Uszatka
20%
Czubatka
20%
Cyraneczka
20%
Żołna
20%
Dzierzba (gąsiorek, srokosz)
19%
Bernikla
19%
Alka
19%
Kraska
18%
Strzyżyk
18%
Lodówka
18%
Dzwoniec
18%
Sóweczka
18%
Biegus (piaskowiec, batalion)
18%
Sosnówka
18%
Bekas
17%
Grubodziób
17%
Pokrzewka (jarzębatka, piegża, cierniówka, gajówka, kapturka)
17%
Siewka (siewnica)
16%
Pójdźka
16%
Brodziec (krwawodziób, kwokacz, samotnik, łęczak)
16%
Kulik
16%
Raniuszek
16%
Głowienka
16%
Pełzacz
16%
Gągoł
16%
Bączek
16%
Makolągwa (rzepołuch)
16%
Trzmielojad
16%
Ohar
15%
Dymówka
15%
Oknówka
15%
Świergotek (siwerniak)
15%
Krzyżodziób
15%
Hełmiatka
15%
Błotniak
15%
Jarząbek
15%
Uhla
15%
Trzciniak (tamaryszka, wodniczka, rokitniczka, trzcinniczek, zaroślówka, łozówka)
15%
Remiz
15%
Maskonur
14%
Dzierlatka
14%
Włochatka
14%
Świstunka (pierwiosnek, piecuszek)
14%
Ibis
14%
Świstun
14%
Pluszcz
14%
Orzełek
14%
Czernica
14%
Kazarka
13%
Ślepowron
13%
Perkozek
13%
Nurogęś
13%
Wodnik
13%
Derkacz
13%
Edredon
13%
Płochacz
12%
Czeczotka
12%
Śnieguła
12%
Bielaczek
12%
Syczek
12%
Krakwa
12%
Rożeniec
12%
Płaskonos
12%
Głuptak
12%
Warzęcha
12%
Wydrzyk
12%
Pardwa
12%
Szlachar
11%
Zaganiacz
11%
Szczudłak
11%
Kaniuk
11%
Orzechówka
11%
Gadożer
11%
Kokoszka
11%
Nurzyk
11%
Potrzos (trznadelek)
11%
Alczyk
11%
Krętogłów
11%
Karliczka (zielonka)
11%
Markaczka
10%
Kamieniuszka
10%
Ogorzałka
10%
Pustynnik
10%
Burzyk
10%
Pomurnik
10%
Czerniczka
10%
Dziwonia
10%
Orłosęp
10%
Wąsatka
10%
Szlamnik (rycyk)
10%
Kląskawka (pokląskwa)
10%
Brzegówka
10%
Modraczek
10%
Sieweczka
10%
Rybaczek
9%
Hubara
9%
Lerka
9%
Podgorzałka
9%
Słonka
9%
Śnieżka
9%
Sterniczka
9%
Ostrygojad
9%
Bekasik
9%
Białorzytka
9%
Kropiatka
9%
Kulon
9%
Muchołówka
9%
Szablodziób
9%
Wójcik
8%
Poświerka
8%
Świerszczak (strumieniówka, brzęczka)
8%
Górniczek
8%
Oceannik
8%
Kulczyk
8%
Fulmar
8%
Ścierwnik
8%
Strepet
7%
Wieszczek
7%
Kamusznik
7%
Birginiak
7%
Płatkonóg
7%
Mornel
7%
Nurnik
7%
Drozdoń
6%
Kalandra
6%
Skowrończyk
6%
Junko
6%
Pasterz
6%
Łuskowiec
6%
Nawałnik
6%
Szlamiec
6%
Terekia
6%
Nagórnik
6%
Żwirowiec
6%

Rozkład punktacji

Percentyl według liczby udzielonych odpowiedzi

Procent ludzi z każdym wynikiem

Twoja historia wyników

Nie rozwiązałeś tego quizu od ostatniego zresetowania